| 000 | 00510nam a2200181Ia 4500 | ||
|---|---|---|---|
| 001 | 16059 | ||
| 005 | 20260306170241.0 | ||
| 008 | 260306t2024||||xx |||||||||||||| ||und|| | ||
| 041 | _aESP | ||
| 082 |
_a346.6 _bC34 |
||
| 100 |
_aCastillo Freyre, Mario, _eAUT |
||
| 245 | 0 |
_aComentarios al contrato de compraventa : _banálisis detallado de los artículos 1529 a 1601 del código civil |
|
| 260 | _c2024 | ||
| 300 |
_a430 páginas : _c25 cm. |
||
| 650 | _aGEN | ||
| 654 | _aCDE | ||
| 942 |
_cLIB _dJUS _fJUS _2ddc _n |
||
| 999 |
_c16059 _d16059 |
||